| 000 | 01694nam a2200445Ii 4500 | ||
|---|---|---|---|
| 001 | DIGDYK0326 | ||
| 003 | NyNyDIG | ||
| 008 | 140421t20112011sp o 000 0 spa d | ||
| 006 | m o d | ||
| 007 | cr ||||||||||| | ||
| 040 |
_aDGITA _beng _erda _epn _cDGITA |
||
| 020 |
_a9788415454915 _q(eBook) |
||
| 020 |
_a8415454910 _q(eBook) |
||
| 020 | _z9788415454212 | ||
| 020 | _z841545421X | ||
| 035 | _a(OCoLC)802051976 | ||
| 043 | _ae-sp--- | ||
| 050 | 1 | 4 | _aKKT2754 eBook |
| 245 | 0 | 0 |
_aEstudio sobre empresas públicas / _cFernando García Rubio (Coordinador) ; Jerónimo A. Escalera Gómez [and seven others]. |
| 264 | 1 |
_aMadrid : _bDykinson, S.L., _c[2011] |
|
| 264 | 4 | _c©2011 | |
| 300 | _a1 online resource (179 pages) | ||
| 336 |
_atext _btxt _2rdacontent |
||
| 337 |
_acomputer _bc _2rdamedia |
||
| 338 |
_aonline resource _bcr _2rdacarrier |
||
| 504 | _aIncludes bibliographical references. | ||
| 588 | 0 | _aOnline resource; title from ePub and PDF title page (Digitalia, viewed March 20, 2014) | |
| 650 | 0 |
_aPublic-private sector cooperation _zSpain. |
|
| 650 | 0 |
_aGovernment business enterprises _zSpain. |
|
| 650 | 0 |
_aPublic administration _zSpain. |
|
| 655 | 0 | _aElectronic books. | |
| 700 | 1 |
_aGarcía Rubio, Fernando, _eeditor. |
|
| 700 | 1 |
_aEscalera Gómez, Jerónimo A., _eauthor. |
|
| 791 | 2 |
_aDigitalia (Firm), _edistributor. |
|
| 793 | 0 |
_gDigitalia eBook Collection: _aDykinson Editorial. |
|
| 776 | 0 | 8 |
_iPrint version: _tEstudio sobre empresas públicas. _dMadrid : Dykinson, c2011 _z9788415454212 _w(OCoLC)773016941 |
| 856 | 4 | 0 |
_3Digitalia Hispánica _uhttps://www.digitaliapublishing.com/a/15500/ |
| 910 | _aPremium Collection: 2013 | ||
| 942 | _cRAA | ||
| 999 |
_c234181 _d234181 |
||